000 00758nam a2200181 i 4500
001 129440
003 ES-MaACL
005 20230906193512.0
007 t|
008 070614s1905 cl ||||1| spa d
100 1 _aThayer Ojeda, Tomás.
_9109881
245 1 0 _aSantiago durante el siglo XVI
_b: constitución de las propiedades urbanas y noticias biográficas de sus primeros pobladores /
_cTomás Thayer Ojeda.
260 _aSantiago de Chile :
_b[s.n.],
_c1905 (
_fImprenta Cervantes)
300 _a249 p. ;
_c24 cm.
500 _aEs tirada aparte de los "Anales de la Universidad de enero i febrero de 1905"
500 _aCon un facsimil del escudo de armas de la ciudad de Santiago del Nuevo Estremo y dos croquis.
852 _aES-MaACL
_jT-1066-F-2
999 _c129440
_d129440